| 000 | 00557nam a22001937a 4500 | ||
|---|---|---|---|
| 003 | OSt | ||
| 005 | 20230119150949.0 | ||
| 008 | 221006b |||||||| |||| 00| 0 eng d | ||
| 020 | _a978 0 9802055 1 0 | ||
| 040 | _cBiblioteca Lado V | ||
| 082 |
_a708 _bK82a |
||
| 100 |
_9587 _aKook-Anderson, Grace _eeditor |
||
| 245 | _aAmateurs/ | ||
| 260 |
_bCCA Wattis Institute for Contemporary Arts _aNew York _c2008 |
||
| 300 |
_a111p. _c18x25cm |
||
| 490 | _vtomo 1 | ||
| 700 |
_aFitzsimmons, Claire _eeditor |
||
| 942 |
_2ddc _c1 _h708 _iK82a _n0 |
||
| 999 |
_c2847 _d2847 |
||